{"text_format":"3","workbook":"xlsx","n_sheets":1,"sheets":["Sheet1"],"read":"whole","date_system":"1900"}

{"sheet":"Sheet1","index":0,"n_rows":91,"n_cols":8,"rows_kept":91,"merged":[[0,0,0,7],[90,0,90,4],[90,5,90,7]]}
["动物工程系2024-2025-2第一批次耗材采购-常规耗材"]
["序号","耗材名称","耗材规格","单位","数量","参考单价","单项控制价","分类"]
[1,"96 孔 V 型血凝反应板","一次性塑料","块",500,0.5,250,"常规耗材"]
[2,"板式微量移液器架",null,"个",5,50,250,"常规耗材"]
[3,"比克曼革兰氏染液","20ml＊4瓶／套","套",8,30,240,"常规耗材"]
[4,"称量瓶","40x25","个",30,4,120,"常规耗材"]
[5,"称量纸","100*100","500张/包",20,5,100,"常规耗材"]
[6,"纯碱",null,"斤",3,10,30,"常规耗材"]
[7,"甘油","国药","瓶",1,40,40,"常规耗材"]
[8,"枸橼酸钠溶液",null,"瓶",2,70,140,"常规耗材"]
[9,"鸡新城疫标准抗原",null,"瓶",10,300,3000,"常规耗材"]
[10,"鸡新城疫标准阳性血清",null,"瓶",10,400,4000,"常规耗材"]
[11,"接线板","3米以上长度","个",2,50,100,"常规耗材"]
[12,"蓝盖瓶","100mL","个",10,5,50,"常规耗材"]
[13,"蓝盖瓶","250ml","个",10,8,80,"常规耗材"]
[14,"蓝盖瓶","500mL","个",10,10,100,"常规耗材"]
[15,"量筒","10ml（A级）","个",20,7,140,"常规耗材"]
[16,"量筒","50ml（A级）","个",20,8,160,"常规耗材"]
[17,"量筒","100ml（A级）","个",20,9,180,"常规耗材"]
[18,"棉绳","粗3毫米，每捆100米","捆",4,35,140,"常规耗材"]
[19,"棉线","5cm/根，（1000根）","把",1,15,15,"常规耗材"]
[20,"镊子","16cm","个",40,9,360,"常规耗材"]
[21,"容量瓶（透明）","50ml（A级）","个",100,4,400,"常规耗材"]
[22,"容量瓶（透明）","100ml（A级）","个",100,4,400,"常规耗材"]
[23,"容量瓶（透明）","1000ml（A级）","个",5,25,125,"常规耗材"]
[24,"乳酸菌发酵剂",null,"包",3,10,30,"常规耗材"]
[25,"烧杯","50ml","个",50,3,150,"常规耗材"]
[26,"烧杯","500ml","个",30,6,180,"常规耗材"]
[27,"试管","20*200mm","个",50,2,100,"常规耗材"]
[28,"微量移液器吸头（ 20ul）,白色","白色吸头","袋",4,15,60,"常规耗材"]
[29,"无菌冻存管","100/包","包",5,80,400,"常规耗材"]
[30,"移液管","1ml（A级）","个",15,15,225,"常规耗材"]
[31,"移液管","2ml（A级）","个",15,15,225,"常规耗材"]
[32,"移液管","5ml（A级）","个",15,15,225,"常规耗材"]
[33,"移液管","10ml（A级）","个",15,15,225,"常规耗材"]
[34,"移液管","15ml（A级）","个",15,15,225,"常规耗材"]
[35,"营养肉汤","250g,海博生物","瓶",1,80,80,"常规耗材"]
[36,"饲料原料","豆粕,500g","袋",1,5,5,"常规耗材"]
[37,"饲料原料","麸皮500g","袋",1,5,5,"常规耗材"]
[38,"饲料原料","次粉500g","袋",1,5,5,"常规耗材"]
[39,"饲料原料","生黄豆粉500g","袋",1,5,5,"常规耗材"]
[40,"饲料原料","棉粕500g","袋",1,5,5,"常规耗材"]
[41,"饲料原料","菜粕500g","袋",1,5,5,"常规耗材"]
[42,"饲料原料","进口鱼粉500g","袋",1,10,10,"常规耗材"]
[43,"饲料原料","尿素500g","袋",1,5,5,"常规耗材"]
[44,"饲料原料","石粉500g","袋",1,5,5,"常规耗材"]
[45,"饲料原料","玉米ddgS,500g","袋",1,1,1,"常规耗材"]
[46,"饲料原料","磷酸氢钙,500g","袋",1,10,10,"常规耗材"]
[47,"饲料原料","磷酸二氢钙,500g","袋",1,10,10,"常规耗材"]
[48,"混合催化剂","500片/瓶","瓶",1,300,300,"常规耗材"]
[49,"一次性橡胶手套","7.5号30副/包","包",10,90,180,"常规耗材"]
[50,"一次性橡胶手套","7号30副/包","包",10,90,180,"常规耗材"]
[51,"一次性橡胶手套","6.5号30副/包","包",10,90,180,"常规耗材"]
[52,"止血纱布块","8×10cm，10片/袋","袋",100,2.8,280,"常规耗材"]
[53,"指型离心管架",null,"个",1,30,30,"常规耗材"]
[54,"摇菌管","15mL，无菌独立包装，100支/包","包",2,30,60,"常规耗材"]
[55,"接种环","金属，根，3mm环","套",40,15,600,"常规耗材"]
[56,"一次性剃毛刀",null,"个",6,2,12,"常规耗材"]
[57,"一次性注射器","5ml","支",200,0.5,100,"常规耗材"]
[58,"一次性注射器","2ml","支",200,0.5,100,"常规耗材"]
[59,"医用外科口罩",null,"只",2000,0.3,600,"常规耗材"]
[60,"无菌脱脂棉球","500g/包","包",5,1,5,"常规耗材"]
[61,"带针非吸收缝合线","4-0，60厘米x15根/包","包",40,3,120,"常规耗材"]
[62,"带针缝合线","圆针，75厘米/根，4-0，单针，12支/盒","盒",4,70,280,"常规耗材"]
[63,"带针缝合线","三棱针，75厘米/支，2-0，单针，12支/盒",null,2,70,140,"常规耗材"]
[64,"带针缝合线","圆针,75cm,4-0号,单针,丝线,12支/盒","盒",3,70,210,"常规耗材"]
[65,"带针缝合线","圆针,75cm,2-0号,单针,丝线,12支/盒","盒",3,70,210,"常规耗材"]
[66,"带针缝合线","三棱,75cm,0号,单针,丝线,12支/盒","盒",3,70,210,"常规耗材"]
[67,"缝合线","10号线","包",10,10,100,"常规耗材"]
[68,"缝合线","非吸收缝线，4-0号，60cm*15根/包","包",40,10,400,"常规耗材"]
[69,"缝合针","中号","包",10,20,200,"常规耗材"]
[70,"缝合针","圆针,1/2弧,9*24","包",10,12,120,"常规耗材"]
[71,"缝合针","圆针,1/2弧,10*28","包",10,12,120,"常规耗材"]
[72,"缝合针","角针，1/2弧,10*28","包",10,12,120,"常规耗材"]
[73,"免洗手消毒液","500毫升/瓶","瓶",3,20,60,"常规耗材"]
[74,"禽用一次性采血器 ","10mL（7号）","支",150,1.5,225,"常规耗材"]
[75,"纱布绷带","6cm×600cm","包",1,20,20,"常规耗材"]
[76,"实验用探针","针头直径1.5mm手柄直径3.5mm长约135mm","个",100,1.5,150,"常规耗材"]
[77,"输液器","7#","支",100,2,200,"常规耗材"]
[78,"双氧水","500m l","瓶",10,2,20,"常规耗材"]
[79,"7号电池","南孚电池","粒",100,1.5,150,"常规耗材"]
[80,"橡胶导尿管(胃管）",null,"根",8,10,80,"常规耗材"]
[81,"一次性洞巾","50×60cm，独立装，洞口10*10，50片/包，蓝色。","包",1,40,40,"常规耗材"]
[82,"生理盐水","100ml/瓶","瓶",135,2,270,"常规耗材"]
[83,"生理盐水注射液","250毫升/瓶","瓶",8,5,40,"常规耗材"]
[84,"生石灰",null,"斤",4,5,20,"常规耗材"]
[85,"灭菌用水","5.0ml/支","支",200,0.5,100,"常规耗材"]
[86,"点火丝","0.12mm300根","盒",2,7,14,"常规耗材"]
[87,"5%葡萄糖注射液","100ml","瓶",20,3.5,70,"常规耗材"]
[88,"普通琼脂培养基平板","10个／包","个",100,32,3200,"常规耗材"]
["总控制价（元）：",{"$nulls":4},{"$f":"SUM(G3:G90)","v":22132}]